00695nam a2200241 a 4500001001300000003000900013005001700022008004100039020001000080082001600090100002800106245002200134260003600156300000900192500003500201505001000236650003300246700002800279902000800307942000700315952011600322999001500438nice12345678IN_TiNIC20260116011457.0050524s1959 mada grp 000 0 urd  ac10000a297.61bUMA aUmari, Mohd Yusuf Kokan aImam Ibn Taimiyya aMadrasbMadras Universityc1959 a672p aincludes index and biblioraphy2 aIndex aIslam-Biography-Ibn Taimiyya1 aUmari, Mohd Yusuf Kokan bSRS cBK 001040708StackRoom-aHMIbHMId2007-07-05g100.00l0o297.61 UMAp01015r2007-07-05v100.00w2005-05-24yBK c1884d1884